Impacts of Intercultural Communication on Professional Language Teaching
Sklúmanie vzájomnýcz vzťahov medzi kultúrou a jazykom, na úlohu učiteľov cudzích jazykov, ktorých poslaním je aj pomáhať preklenúť a prepájať tieto procesy z jedného kognitívneho systému do druhého.
Salvato in:
| Autore principale: | |
|---|---|
| Natura: | Capitolo di libro |
| Lingua: | inglese |
| Soggetti: | |
| Tags: |
Nessun Tag, puoi essere il primo ad aggiungerne!!
|
MARC
| LEADER | 00000nla$a2200000$$$4500 | ||
|---|---|---|---|
| 001 | 0243731 | ||
| 005 | 20240502073940.5 | ||
| 041 | 0 | |a eng | |
| 044 | |a SK | ||
| 245 | 1 | 0 | |a Impacts of Intercultural Communication on Professional Language Teaching |c Mária Bláhová |
| 520 | |a Sklúmanie vzájomnýcz vzťahov medzi kultúrou a jazykom, na úlohu učiteľov cudzích jazykov, ktorých poslaním je aj pomáhať preklenúť a prepájať tieto procesy z jedného kognitívneho systému do druhého. | ||
| 610 | 2 | 0 | |a jazyky cudzie |
| 610 | 2 | 0 | |a jazyk odborný |
| 610 | 2 | 0 | |a kultúra |
| 610 | 2 | 0 | |a komunikácia interkultúrna |
| 610 | 2 | 0 | |a didaktika |
| 100 | 1 | |a Bláhová, Mária | |